000 00638nam a22002297a 4500
005 20260514123414.0
008 260514b |||||||| |||| 00| 0 eng d
020 _a9789353067021
_c820.00
040 _aMAIN
041 _aEnglish
082 _a658.472
_bSHA
100 _aSharda, Ramesh
_923158
245 _aBusiness Intelligence Analytics and Data Science
_b: Managerial Perspective
250 _a4th
260 _aNoida
_bPearson
_c2025
300 _a512
650 _aComputer Science (PM (USHA)
_926808
700 _aDelen, Dursun
_923159
700 _aTurban, Efraim
_97036
700 _aKing, David
_923160
942 _cBK
999 _c60794
_d60794